[Event "SR 5. liga SE-SI 2013/2014"]
[Site "?"]
[Date "2013.11.30"]
[Round "4.4"]
[White "Harasta, Marian"]
[Black "Trojkova, Michaela"]
[Result "0-1"]
[WhiteElo "1619"]
[BlackElo "1455"]
[PlyCount "110"]
[EventDate "2013.??.??"]

1. d4 d5 2. c4 e6 3. Qc2 Nf6 4. e3 Bb4+ 5. Nc3 O-O 6. Nf3 Nc6 7. Bd3 dxc4 8.
Bxc4 Nd5 9. O-O Bxc3 10. bxc3 Nce7 11. Ba3 Re8 12. Ne5 f6 13. Nf3 Bd7 14. Bd3
g6 15. Rab1 Rb8 16. Bc5 b6 17. Ba3 c6 18. Bd6 Rc8 19. Ba6 Nf5 20. Bxc8 Bxc8 21.
Ba3 Ng7 22. e4 Nc7 23. Qa4 Ba6 24. Rfe1 Qd7 25. c4 b5 26. cxb5 cxb5 27. Qa5 Bb7
28. Rbc1 Rc8 29. Bc5 a6 30. Bb6 Nce8 31. Rxc8 Qxc8 32. a4 bxa4 33. Qxa4 Nh5 34.
Qb4 Nf4 35. Qd2 Nh5 36. d5 exd5 37. exd5 Nd6 38. Rc1 Qd7 39. Bc5 Ne4 40. Qd4
Qxd5 41. Qxd5+ Bxd5 42. Ra1 Nxc5 43. Nd2 Nf4 44. Ra5 Nfd3 45. Ra3 f5 46. f3 Bc6
47. Ra5 Bb5 48. Ra3 Kf7 49. Nb1 Na4 50. Rb3 Ke6 51. Na3 Ndc5 52. Rb1 Nc3 53.
Re1+ Kd6 54. Re3 N5a4 55. Re8 Bxe8 0-1

[Event "SR 5. liga SE-SI 2013/2014"]
[Site "?"]
[Date "2013.11.30"]
[Round "4.4"]
[White "Ulehla, Jakub"]
[Black "Zlamal, Marek"]
[Result "0-1"]
[WhiteElo "1111"]
[BlackElo "1638"]
[PlyCount "32"]
[EventDate "2013.??.??"]

1. e4 c5 2. Nf3 Nc6 3. d4 cxd4 4. Nxd4 e5 5. Nf3 Nf6 6. Nc3 Bb4 7. Bd3 Bxc3+ 8.
bxc3 d5 9. Bg5 dxe4 10. Bxe4 Qxd1+ 11. Rxd1 Nxe4 12. Bh4 Bg4 13. O-O Bxf3 14.
gxf3 Nxc3 15. Ra1 Ne2+ 16. Kh1 O-O 0-1

[Event "SR 5. liga SE-SI 2013/2014"]
[Site "?"]
[Date "2013.11.30"]
[Round "4.4"]
[White "Spanik, Ondrej"]
[Black "Kaufman, Robert"]
[Result "0-1"]
[WhiteElo "1230"]
[BlackElo "1054"]
[PlyCount "136"]
[EventDate "2013.??.??"]

1. e4 e5 2. Nf3 Nc6 3. Bb5 d6 4. Bxc6+ bxc6 5. d3 Nf6 6. Nc3 Be7 7. O-O O-O 8.
Bg5 d5 9. Nxe5 Bb7 10. exd5 cxd5 11. d4 Ne4 12. Nxe4 dxe4 13. Bxe7 Qxe7 14. c3
c5 15. f3 Rad8 16. fxe4 cxd4 17. cxd4 Bxe4 18. Rf4 Qb7 19. Qd2 Rfe8 20. Rxf7
Qb6 21. Rd7 Rxe5 22. Rxd8+ Qxd8 23. Qe3 Re8 24. Re1 Bc6 25. Qb3+ Kh8 26. Rxe8+
Qxe8 27. Qc4 Qe1+ 28. Qf1 Qxf1+ 29. Kxf1 Kg8 30. Kf2 Kf7 31. g3 Bd5 32. a3 Ke6
33. Ke3 Bg2 34. Kf2 Be4 35. Ke3 Kd5 36. h3 g5 37. h4 gxh4 38. gxh4 h5 39. a4
Bc2 40. a5 a6 41. Kd2 Ba4 42. Ke3 Kc4 43. Ke4 Kb3 44. d5 Kxb2 45. Kd4 Kb3 46.
Kc5 Bb5 47. d6 Ka4 48. Kb6 Kb4 49. d7 Bxd7 50. Kxa6 Kc5 51. Kb7 Bc6+ 52. Kc7
Kb5 53. a6 Bf3 54. a7 Ka6 55. Kb8 Kb5 56. Kc7 Kc5 57. Kd7 Kb6 58. a8=Q Bxa8 59.
Kd6 Bf3 60. Ke5 Kc5 61. Kf4 Bg4 62. Ke5 Kc4 63. Ke4 Kc3 64. Ke3 Kc2 65. Kf2 Kd2
66. Kg3 Ke3 67. Kh2 Kf3 68. Kg1 Kg3 0-1

[Event "SR 5. liga SE-SI 2013/2014"]
[Site "?"]
[Date "2013.11.30"]
[Round "4.4"]
[White "Jankovic, Frantisek"]
[Black "Uhliarik, Adam"]
[Result "0-1"]
[WhiteElo "1000"]
[BlackElo "1000"]
[PlyCount "94"]
[EventDate "2013.??.??"]

1. e4 e5 2. Nf3 Nc6 3. Bc4 h6 4. O-O Nf6 5. d3 d5 6. exd5 Nxd5 7. d4 e4 8. Ne5
Nxe5 9. dxe5 Be6 10. Qd4 Nb6 11. Qxd8+ Rxd8 12. Bxe6 fxe6 13. Nc3 Nc4 14. Bf4
Bb4 15. a3 O-O 16. Bg3 Bxc3 17. bxc3 Rd2 18. Ra2 Rfd8 19. Bf4 Rd1 20. g3 g5 21.
Be3 Nxe3 22. fxe3 Rxf1+ 23. Kxf1 Kg7 24. g4 Rd5 25. Rb2 b6 26. Rb4 Rxe5 27. Rc4
Rc5 28. Ra4 a5 29. Rxe4 Rxc3 30. Rxe6 Rxc2 31. Kg1 Kf7 32. Rxh6 Rc3 33. e4 Rxa3
34. e5 Re3 35. Rf6+ Ke7 36. Rf5 Ke6 37. Rxg5 Rxe5 38. Rxe5+ Kxe5 39. h4 a4 40.
h5 a3 41. h6 a2 42. Kg2 a1=Q 43. h7 Kf4 44. Kh3 Qg7 45. Kg2 Qxg4+ 46. Kh1 Kf3
47. Kh2 Qg2# 0-1

[Event "SR 5. liga SE-SI 2013/2014"]
[Site "?"]
[Date "2013.11.30"]
[Round "4.5"]
[White "Pipiska, Adam"]
[Black "Huska, Branislav"]
[Result "1-0"]
[WhiteElo "1737"]
[BlackElo "1575"]
[PlyCount "67"]
[EventDate "2013.??.??"]

1. e4 c5 2. Nf3 d6 3. d4 cxd4 4. Nxd4 Nf6 5. Nc3 a6 6. a4 e5 7. Nf3 Be7 8. Bc4
O-O 9. O-O Nbd7 10. Bg5 h6 11. Be3 Nc5 12. Bxc5 dxc5 13. Nxe5 Qc7 14. Nf3 Bg4
15. Qe2 Rfe8 16. Nd5 Nxd5 17. Bxd5 Bd6 18. h3 Bh5 19. Qe3 Re7 20. Nh4 Rae8 21.
g4 Re5 22. Qb3 Rg5 23. Qxb7 Qd8 24. Nf3 Qf6 25. Nxg5 Qf4 26. Bxf7+ Kh8 27. e5
Bxe5 28. Qg2 Bxf7 29. Nxf7+ Qxf7 30. Rfe1 Bxb2 31. Rxe8+ Qxe8 32. Rb1 Bd4 33.
Qb7 Kh7 34. Qxa6 1-0

[Event "SR 5. liga SE-SI 2013/2014"]
[Site "?"]
[Date "2013.11.30"]
[Round "4.5"]
[White "Mudroch, Martin"]
[Black "Kridl, Oliver"]
[Result "1/2-1/2"]
[WhiteElo "1360"]
[BlackElo "1250"]
[PlyCount "58"]
[EventDate "2013.??.??"]

1. e4 e6 2. d4 d5 3. e5 c5 4. c3 Nc6 5. Nf3 Qb6 6. Be2 Bd7 7. O-O Nh6 8. b3 Nf5
9. Be3 cxd4 10. Bxd4 Bc5 11. Bxc5 Qxc5 12. c4 dxc4 13. Bxc4 Nxe5 14. Nbd2 Nxf3+
15. Nxf3 Rd8 16. Qe2 Bc6 17. Rac1 Qe7 18. Bb5 Bd7 19. Rfd1 O-O 20. Bd3 Nd6 21.
Rc7 Rc8 22. Rdc1 Qd8 23. Rxc8 Nxc8 24. Qe4 g6 25. Qf4 f5 26. Qh6 Qf6 27. Ng5
Qg7 28. Qxg7+ Kxg7 29. Rc7 Kh6 1/2-1/2

[Event "SR 5. liga SE-SI 2013/2014"]
[Site "?"]
[Date "2013.11.30"]
[Round "4.5"]
[White "Nereca, Tomas"]
[Black "Hrdlicka, Martin"]
[Result "0-1"]
[WhiteElo "1000"]
[BlackElo "1007"]
[PlyCount "42"]
[EventDate "2013.??.??"]

1. e4 e5 2. Nf3 Nc6 3. Bc4 Bc5 4. d3 d6 5. Nc3 Nf6 6. Ng5 O-O 7. O-O Bg4 8. Qd2
h6 9. Nf3 Nd4 10. Nd5 Nxf3+ 11. gxf3 Bxf3 12. b4 Bd4 13. Rb1 c6 14. Nxf6+ Qxf6
15. c3 Bb6 16. a4 d5 17. exd5 cxd5 18. Bb3 d4 19. a5 dxc3 20. Qxc3 Qg6+ 21. Bg5
Qxg5# 0-1

[Event "SR 5. liga SE-SI 2013/2014"]
[Site "?"]
[Date "2013.11.30"]
[Round "4.5"]
[White "Svarc, Vaclav"]
[Black "Babic, Stefan"]
[Result "1-0"]
[WhiteElo "1000"]
[BlackElo "1111"]
[PlyCount "141"]
[EventDate "2013.??.??"]

1. e4 e5 2. Nf3 Nc6 3. Bb5 Bc5 4. d3 Nd4 5. Bg5 f6 6. Be3 Bb4+ 7. c3 Nxb5 8.
cxb4 d6 9. Qa4 Bd7 10. O-O Nc3 11. Nxc3 Bxa4 12. Nxa4 Qd7 13. Nc3 Ne7 14. Nd5
Nc6 15. Rac1 O-O-O 16. b5 Nd4 17. Rxc7+ Qxc7 18. Nxc7 Kxc7 19. Nxd4 exd4 20.
Bxd4 b6 21. Rc1+ Kb7 22. g3 d5 23. e5 Rc8 24. Rc6 Rxc6 25. bxc6+ Kxc6 26. exf6
g6 27. f7 Rf8 28. f4 Rxf7 29. h4 Re7 30. g4 Re2 31. Be5 Re1+ 32. Kf2 Rh1 33. f5
gxf5 34. gxf5 Kd7 35. Kg3 Re1 36. d4 Re2 37. Kf3 Rc2 38. f6 Ke8 39. Kf4 Kf7 40.
Kg5 Rxb2 41. Kh6 Rh2 42. h5 a5 43. Bxh2 Kg8 44. Kg5 Kf7 45. Bc7 a4 46. Bd8 b5
47. Kh6 Kg8 48. f7+ Kxf7 49. Kxh7 b4 50. Bg5 a3 51. Bc1 b3 52. Bxa3 bxa2 53.
Bb2 Kf6 54. h6 Kf7 55. Kh8 Kf8 56. Ba3+ Kf7 57. Bb2 Kf8 58. Bc3 Kf7 59. Kh7 Kf8
60. Kg6 Kg8 61. h7+ Kh8 62. Kf6 Kxh7 63. Ke5 Kg8 64. Kxd5 Kf8 65. Kc6 Ke7 66.
Kc7 Ke6 67. Kc6 Ke7 68. Bb4+ Ke6 69. d5+ Kf7 70. Bc3 Ke7 71. Kc7 1-0

[Event "SR 5. liga SE-SI 2013/2014"]
[Site "?"]
[Date "2013.12.14"]
[Round "5.1"]
[White "Jarabek, Milan"]
[Black "Diviak, Rastislav"]
[Result "0-1"]
[WhiteElo "1744"]
[BlackElo "1998"]
[PlyCount "52"]
[EventDate "2013.??.??"]

1. e4 d6 2. d4 Nf6 3. Nc3 g6 4. f3 Bg7 5. Be3 c6 6. Bd3 Nbd7 7. Qd2 b5 8. Nh3
Qc7 9. Bh6 Bxh6 10. Qxh6 b4 11. Ne2 c5 12. Bc4 Nb6 13. Bxf7+ Kxf7 14. Ng5+ Kg8
15. e5 dxe5 16. dxe5 Qxe5 17. O-O-O Bf5 18. Rhe1 Nc4 19. Nd4 Qf4+ 20. Kb1 Ne3
21. Nde6 Bxe6 22. g3 Bxa2+ 23. Kxa2 Qc4+ 24. Kb1 Qxc2+ 25. Ka1 Nc4 26. Ne6
Qxb2# 0-1

[Event "SR 5. liga SE-SI 2013/2014"]
[Site "?"]
[Date "2013.12.14"]
[Round "5.1"]
[White "Pipiska, Adam"]
[Black "Antalek, Rudolf"]
[Result "1-0"]
[WhiteElo "1737"]
[BlackElo "1533"]
[PlyCount "53"]
[EventDate "2013.??.??"]

1. e4 e5 2. Nf3 Nc6 3. d4 exd4 4. Bc4 Bb4+ 5. Bd2 Nge7 6. Ng5 O-O 7. Qh5 Bxd2+
8. Nxd2 h6 9. Nxf7 Rxf7 10. Bxf7+ Kh8 11. O-O-O d6 12. Nf3 Qf8 13. Nxd4 Ne5 14.
Be6 Bxe6 15. Nxe6 Qf6 16. Nd4 c5 17. Nf5 Nc4 18. c3 Rf8 19. Nxe7 Qf4+ 20. Kb1
Qxe4+ 21. Ka1 Qxe7 22. Rhe1 Qf6 23. Re8 Qxf2 24. Qe2 Qxe2 25. Rxe2 Rd8 26. b3
Nb6 27. Rde1 1-0

[Event "SR 5. liga SE-SI 2013/2014"]
[Site "?"]
[Date "2013.12.14"]
[Round "5.1"]
[White "Spanik, Ondrej"]
[Black "Mudroch, Martin"]
[Result "1/2-1/2"]
[WhiteElo "1230"]
[BlackElo "1360"]
[PlyCount "65"]
[EventDate "2013.??.??"]

1. e4 c6 2. Nc3 d5 3. exd5 cxd5 4. d4 Bf5 5. Bb5+ Nc6 6. Bf4 e6 7. h3 Bd6 8.
Bxc6+ bxc6 9. Qd2 Nf6 10. Nf3 Qc7 11. Bxd6 Qxd6 12. Ne5 O-O 13. g4 Bg6 14.
O-O-O Rab8 15. a3 c5 16. dxc5 Qxe5 17. Qd4 Qxd4 18. Rxd4 Ne4 19. Nxe4 Bxe4 20.
Rg1 e5 21. Rb4 Rxb4 22. axb4 Rc8 23. Rg3 d4 24. Ra3 Rc7 25. f3 Bc6 26. Kd2 Kf8
27. c4 Ke7 28. b5 Ba8 29. c6 Ke6 30. Kd3 Bxc6 31. bxc6 Rxc6 32. Rxa7 Rb6 33.
Kc2 1/2-1/2

[Event "SR 5. liga SE-SI 2013/2014"]
[Site "?"]
[Date "2013.12.14"]
[Round "5.1"]
[White "Hrdlicka, Martin"]
[Black "Spacek, Jan"]
[Result "1-0"]
[WhiteElo "1007"]
[BlackElo "1104"]
[PlyCount "57"]
[EventDate "2013.??.??"]

1. e4 e5 2. Nf3 Nc6 3. Nc3 Bc5 4. Bb5 d6 5. O-O Nf6 6. d3 Bg4 7. Bg5 h6 8. Bh4
g5 9. Bg3 Qd7 10. h3 Be6 11. d4 exd4 12. Nxd4 a6 13. Bxc6 bxc6 14. e5 Nd5 15.
Qd2 Bb4 16. a3 Bxc3 17. bxc3 O-O-O 18. c4 Nb6 19. Qa5 Bxc4 20. Rfe1 Kb7 21.
Rab1 c5 22. Nf3 Rhf8 23. exd6 Qc6 24. dxc7 Rd5 25. Re7 f5 26. c8=Q+ Kxc8 27.
Qxb6 Qxb6 28. Rxb6 Rd7 29. Rb8# 1-0

[Event "SR 5. liga SE-SI 2013/2014"]
[Site "?"]
[Date "2013.12.14"]
[Round "5.1"]
[White "Krakovsky, Jakub"]
[Black "Svarc, Vaclav"]
[Result "1-0"]
[WhiteElo "1234"]
[BlackElo "1000"]
[PlyCount "23"]
[EventDate "2013.??.??"]

1. e4 e5 2. Nf3 Nc6 3. Bc4 Nf6 4. Ng5 Qe7 5. d3 h6 6. Nxf7 Rg8 7. Nd6+ cxd6 8.
Bxg8 Nxg8 9. Nc3 b6 10. Nd5 Qd8 11. Qh5+ g6 12. Qxg6# 1-0

[Event "SR 5. liga SE-SI 2013/2014"]
[Site "?"]
[Date "2013.12.14"]
[Round "5.2"]
[White "Brunovsky, Peter"]
[Black "Trojkova, Michaela"]
[Result "1-0"]
[WhiteElo "1829"]
[BlackElo "1455"]
[PlyCount "135"]
[EventDate "2013.??.??"]

1. d4 d5 2. Nf3 Nf6 3. Bf4 e6 4. e3 Bd6 5. Bg5 h6 6. Bh4 O-O 7. Bd3 Nc6 8. c3
Bd7 9. O-O Be7 10. Nbd2 Nh7 11. Bg3 Ng5 12. Nxg5 Bxg5 13. Nf3 Re8 14. Nxg5 Qxg5
15. Bxc7 e5 16. Bxe5 Nxe5 17. dxe5 Rxe5 18. f4 Bg4 19. fxg5 Bxd1 20. Raxd1 Rxg5
21. e4 Rd8 22. exd5 Rgxd5 23. Be2 Rd2 24. Rxd2 Rxd2 25. Bc4 Rxb2 26. Rxf7 Kh8
27. h4 Rc2 28. Rf8+ Kh7 29. Bd3+ g6 30. Bxc2 Kg7 31. Bxg6 Kxf8 32. Kf2 Kg7 33.
g4 Kxg6 34. Kf3 a5 35. Kf4 b6 36. c4 a4 37. a3 Kf6 38. g5+ hxg5+ 39. hxg5+ Kg7
40. Kf5 Kf7 41. g6+ Kg8 42. Ke6 Kg7 43. Kd6 Kxg6 44. Kc6 Kf6 45. Kxb6 Ke7 46.
c5 Kd8 47. Kb7 Kd7 48. c6+ Kd8 49. c7+ Kd7 50. c8=R Kd6 51. Kb6 Kd5 52. Rc6 Kd4
53. Rc5 Kd3 54. Kb5 Kd4 55. Kb4 Kd3 56. Rc4 Kd2 57. Rc3 Kd1 58. Kc4 Kd2 59. Kd4
Ke2 60. Rd3 Kf2 61. Re3 Kg2 62. Ke4 Kf2 63. Kf4 Kg2 64. Rf3 Kh2 65. Rg3 Kh1 66.
Kf3 Kh2 67. Kf2 Kh1 68. Rh3# 1-0

[Event "SR 5. liga SE-SI 2013/2014"]
[Site "?"]
[Date "2013.12.14"]
[Round "5.2"]
[White "Ulehla, Jakub"]
[Black "Valla, Tomas"]
[Result "0-1"]
[WhiteElo "1111"]
[BlackElo "1814"]
[PlyCount "120"]
[EventDate "2013.??.??"]

1. e4 c5 2. Nf3 g6 3. d4 cxd4 4. Qxd4 Nf6 5. Be2 Nc6 6. Qd3 Bg7 7. Nc3 O-O 8.
Be3 Nb4 9. Qd2 d5 10. O-O-O Be6 11. exd5 Nbxd5 12. Nxd5 Nxd5 13. Bh6 Qc7 14.
Bxg7 Kxg7 15. h4 h5 16. Ng5 Bf5 17. Bd3 Bxd3 18. Qxd3 Rac8 19. c3 Rfd8 20. Qf3
Qf4+ 21. Qxf4 Nxf4 22. Rxd8 Rxd8 23. g3 Nd3+ 24. Kc2 Rd6 25. Ne4 Rd7 26. Rd1
Ne5 27. Rxd7 Nxd7 28. Kd3 f5 29. Nd2 e5 30. f3 Kf6 31. Nc4 Nc5+ 32. Ke3 Ke6 33.
Na5 b6 34. Nc6 a5 35. b4 Nb7 36. bxa5 bxa5 37. c4 Kd6 38. Nb8 Nc5 39. f4 Kc7
40. fxe5 Kxb8 41. Kf4 Ne6+ 42. Ke3 Kc7 43. Kd3 Kc6 44. Kc3 Kc5 45. a4 Nc7 46.
Kd3 Na8 47. Kc3 Nb6 48. Kb3 Nxc4 49. e6 Kd5 50. e7 Nd6 51. Kc3 Ne4+ 52. Kd3 Nf6
53. Kc3 Kd6 54. Kc4 Kxe7 55. Kb5 Kd6 56. Kxa5 Kc6 57. Ka6 Ne4 58. a5 Nc5+ 59.
Ka7 Kb5 60. Kb8 Ne4 0-1

[Event "SR 5. liga SE-SI 2013/2014"]
[Site "?"]
[Date "2013.12.14"]
[Round "5.2"]
[White "Zajicek, Ferdinand"]
[Black "Kaufman, Robert"]
[Result "1-0"]
[WhiteElo "1823"]
[BlackElo "1054"]
[PlyCount "61"]
[EventDate "2013.??.??"]

1. e4 e5 2. Nf3 Nf6 3. Nc3 Nc6 4. Bc4 Bb4 5. d3 Nd4 6. O-O O-O 7. Be3 c5 8. Nd5
Nxd5 9. Bxd5 Ba5 10. c3 Nc6 11. Bxc5 d6 12. Ba3 Bg4 13. h3 Be6 14. Qb3 Bxd5 15.
exd5 Ne7 16. Qxb7 Bb6 17. Nxe5 Rb8 18. Qd7 Re8 19. Bxd6 Qxd7 20. Nxd7 Rbd8 21.
Bxe7 Rxe7 22. Nxb6 axb6 23. c4 b5 24. b3 bxc4 25. dxc4 Re2 26. Rfe1 Rc2 27. Kf1
g6 28. Re2 Rc3 29. Rb2 Kg7 30. Ke2 Re8+ 31. Kd2 1-0

[Event "SR 5. liga SE-SI 2013/2014"]
[Site "?"]
[Date "2013.12.14"]
[Round "5.2"]
[White "Jankovic, Frantisek"]
[Black "Kastler, Peter"]
[Result "0-1"]
[WhiteElo "1000"]
[BlackElo "1710"]
[PlyCount "52"]
[EventDate "2013.??.??"]

1. e4 e6 2. d4 d5 3. Nc3 dxe4 4. Nxe4 Nd7 5. Bb5 Ngf6 6. f3 Nxe4 7. fxe4 Qh4+
8. g3 Qxe4+ 9. Ne2 Qxh1+ 10. Kd2 Qxd1+ 11. Kxd1 Be7 12. Bf4 c6 13. Bd3 O-O 14.
Be4 Nf6 15. Nc3 Nxe4 16. Nxe4 Rd8 17. Nd2 Rxd4 18. Be3 Rd5 19. Kc1 Bg5 20. Bxg5
Rxg5 21. b3 b6 22. Kb2 Bb7 23. Ne4 Rd5 24. Nf2 Rad8 25. Rd1 Rxd1 26. Nxd1 Rxd1
0-1

[Event "SR 5. liga SE-SI 2013/2014"]
[Site "?"]
[Date "2013.12.14"]
[Round "5.2"]
[White "Papanek, Lubomir"]
[Black "Nater, Nikolas"]
[Result "1-0"]
[WhiteElo "1635"]
[BlackElo "1000"]
[PlyCount "65"]
[EventDate "2013.??.??"]

1. d4 Nf6 2. c4 Nc6 3. Nf3 e6 4. Nc3 Bb4 5. Bd2 Nxd4 6. Nxd4 e5 7. Nc2 Bxc3 8.
Bxc3 d6 9. e3 O-O 10. f3 e4 11. Be2 exf3 12. Bxf3 Bg4 13. Bxg4 Ne4 14. O-O Ng5
15. Qd4 f6 16. Rf5 c5 17. Qd5+ Nf7 18. Rff1 Qe7 19. Be6 Kh8 20. Bxf7 Rxf7 21.
Rad1 Raf8 22. Qxd6 Qe8 23. Qxc5 b6 24. Qd5 Qe7 25. Bb4 Qe8 26. Bxf8 h6 27. Bb4
Qd7 28. Qxd7 Rxd7 29. Rxd7 Kh7 30. Rxa7 Kg6 31. Bf8 Kh7 32. Bxg7 Kg8 33. Bxh6
1-0

[Event "SR 5. liga SE-SI 2013/2014"]
[Site "?"]
[Date "2013.12.14"]
[Round "5.3"]
[White "Wallner, Juraj"]
[Black "Mysicka, Miroslav"]
[Result "1-0"]
[WhiteElo "1512"]
[BlackElo "1853"]
[PlyCount "81"]
[EventDate "2013.??.??"]

1. e4 e5 2. Nf3 Nc6 3. Bc4 h6 4. d4 exd4 5. Nxd4 Nf6 6. O-O d6 7. Nxc6 bxc6 8.
Qf3 Bb7 9. Qb3 Qc8 10. Bxf7+ Kd8 11. Be6 Nd7 12. Qh3 Be7 13. Nc3 Rb8 14. Re1 c5
15. Nd5 Bxd5 16. exd5 c6 17. c4 cxd5 18. cxd5 Qc7 19. Bd2 Bf6 20. Bc3 Rf8 21.
Bxf6+ Rxf6 22. b3 Ne5 23. Re4 Qa5 24. f4 Qd2 25. Qg3 Rg6 26. Qf2 Qc3 27. Rf1
Nd3 28. Qf3 Qc2 29. Re2 Qc3 30. Bf5 Nxf4 31. Qxf4 Rf6 32. Qe4 Kc7 33. Rc2 Qa5
34. Qe7+ Kb6 35. Qxg7 Rbf8 36. Rcf2 Qc3 37. Bd3 R8f7 38. Qg3 Rxf2 39. Qxd6+ Kb7
40. Ba6+ Ka8 41. Qd8# 1-0

[Event "SR 5. liga SE-SI 2013/2014"]
[Site "?"]
[Date "2013.12.14"]
[Round "5.3"]
[White "Sukopcak, Miroslav"]
[Black "Tomasovic, Pavol"]
[Result "1-0"]
[WhiteElo "1668"]
[BlackElo "1302"]
[PlyCount "45"]
[EventDate "2013.??.??"]

1. e4 e6 2. d4 d5 3. e5 c5 4. c3 Nc6 5. Nf3 Qb6 6. b3 cxd4 7. cxd4 Qa5+ 8. Bd2
Bb4 9. Be2 Nh6 10. Bd3 O-O 11. O-O Bxd2 12. Qxd2 Qb6 13. Qe3 Nb4 14. Nc3 Nxd3
15. Qxd3 Bd7 16. Rfd1 Nf5 17. g4 Ne7 18. Ng5 g6 19. Qh3 h5 20. gxh5 Kg7 21.
hxg6 Kxg6 22. f4 Rh8 23. Qg4 1-0

[Event "SR 5. liga SE-SI 2013/2014"]
[Site "?"]
[Date "2013.12.14"]
[Round "5.3"]
[White "Nemeckay, Dominik"]
[Black "Lauko, Tomas"]
[Result "0-1"]
[WhiteElo "1415"]
[BlackElo "1421"]
[PlyCount "52"]
[EventDate "2013.??.??"]

1. e4 d5 2. exd5 Qxd5 3. Nc3 Qa5 4. d4 Nc6 5. Bb5 Bd7 6. Qd3 O-O-O 7. Nf3 g6 8.
d5 Bf5 9. Qe2 Nb4 10. Nd4 Nxd5 11. Bd2 Nb4 12. Be3 Rxd4 13. Bxd4 Nxc2+ 14. Kf1
Nxd4 15. Qc4 Nxb5 16. Nxb5 c6 17. Qc5 Qxb5+ 18. Qxb5 cxb5 19. Rc1+ Kb8 20. Ke2
Bh6 21. Rc5 a6 22. Rd1 Nf6 23. f3 Bf4 24. g3 Bd6 25. Rc3 Be6 26. a3 h5 0-1

[Event "SR 5. liga SE-SI 2013/2014"]
[Site "?"]
[Date "2013.12.14"]
[Round "5.3"]
[White "Drozd, Jan"]
[Black "Drinka, Robert"]
[Result "1-0"]
[WhiteElo "1574"]
[BlackElo "1427"]
[PlyCount "79"]
[EventDate "2013.??.??"]

1. d4 d5 2. c4 Nf6 3. Nc3 Bg4 4. f3 Bh5 5. e3 e6 6. Bd3 Bb4 7. Nge2 Nbd7 8. O-O
c5 9. a3 Bxc3 10. bxc3 Bg6 11. cxd5 Bxd3 12. dxe6 Bxe2 13. exd7+ Qxd7 14. Qxe2
cxd4 15. exd4+ Qe6 16. Qb5+ Qd7 17. Re1+ Kd8 18. Qb4 Re8 19. Bg5 Kc7 20. Qc4+
Kd8 21. Rxe8+ Qxe8 22. Qd5+ Qd7 23. Bxf6+ gxf6 24. Qxd7+ Kxd7 25. Kf2 Re8 26.
Re1 Rxe1 27. Kxe1 Kc6 28. c4 b5 29. cxb5+ Kxb5 30. Kd2 Kc4 31. Ke3 Kd5 32. a4
a5 33. Kd3 f5 34. g3 f6 35. f4 h6 36. h4 h5 37. Kc3 Kd6 38. Kc4 Kc6 39. d5+ Kd6
40. Kd4 1-0

[Event "SR 5. liga SE-SI 2013/2014"]
[Site "?"]
[Date "2013.12.14"]
[Round "5.3"]
[White "Zemankova, Gabriela"]
[Black "Daniel, Michal"]
[Result "1-0"]
[WhiteElo "1000"]
[BlackElo "1000"]
[PlyCount "73"]
[EventDate "2013.??.??"]

1. e4 e6 2. Nf3 c5 3. Bc4 Qb6 4. Nc3 Nc6 5. d3 Nd4 6. b3 h6 7. Be3 g5 8. Bxd4
cxd4 9. Ne2 Bg7 10. O-O e5 11. Ng3 d6 12. Re1 Ne7 13. Nh5 Rg8 14. Qc1 Bg4 15.
Nxg7+ Rxg7 16. Qd1 Ng6 17. h3 Bd7 18. Nd2 f5 19. Qf3 f4 20. Qh5 O-O-O 21. Qxh6
Qb4 22. Qxg7 Be8 23. Be6+ Kb8 24. Nc4 b5 25. Bd5 Rd7 26. Qg8 Rd8 27. Qh7 Rd7
28. Qg8 Rd8 29. Nb2 Qc3 30. Reb1 Qd2 31. c4 b4 32. Bf7 Ne7 33. Qf8 Nc6 34. Bxe8
Kc7 35. Qf7+ Kb6 36. Bxc6 Kxc6 37. Qd5+ 1-0

[Event "SR 5. liga SE-SI 2013/2014"]
[Site "?"]
[Date "2013.12.14"]
[Round "5.4"]
[White "Klimes, Karel"]
[Black "Sladek, Michal"]
[Result "1-0"]
[WhiteElo "1651"]
[BlackElo "1241"]
[PlyCount "61"]
[EventDate "2013.??.??"]

1. e4 e5 2. Nf3 Nc6 3. Bc4 d6 4. c3 h6 5. d3 Qe7 6. Be3 Be6 7. Nbd2 Nf6 8. h3
Na5 9. Qa4+ Nc6 10. b4 Bd7 11. Qc2 a6 12. a4 Be6 13. O-O d5 14. exd5 Nxd5 15.
b5 Nxe3 16. fxe3 Na5 17. Nxe5 Bxc4 18. Nexc4 Nxc4 19. Nxc4 Qe6 20. Rf4 O-O-O
21. bxa6 Qxa6 22. Rxf7 Qe6 23. Rf3 Bd6 24. Qb3 Qe7 25. Na5 c6 26. Rb1 Rd7 27.
Qb6 Bc5 28. Qb3 Bxe3+ 29. Kh1 b6 30. Nxc6 Qe6 31. Qxe6 1-0

[Event "SR 5. liga SE-SI 2013/2014"]
[Site "?"]
[Date "2013.12.14"]
[Round "5.4"]
[White "Cambal, Peter"]
[Black "Sobek, Michal"]
[Result "0-1"]
[WhiteElo "1014"]
[BlackElo "1230"]
[PlyCount "60"]
[EventDate "2013.??.??"]

1. e4 e5 2. f4 Bc5 3. Nf3 d6 4. Bc4 Nf6 5. Qe2 Nc6 6. a3 Bg4 7. c3 Be6 8. Bxe6
fxe6 9. b4 Bb6 10. Bb2 O-O 11. d4 exf4 12. O-O e5 13. Kh1 Ng4 14. Re1 Ne3 15.
g3 Qd7 16. Rg1 Rae8 17. gxf4 exf4 18. Bc1 Rxe4 19. Bxe3 Rxe3 20. Qg2 Rf6 21.
Nh4 Rf7 22. Ra2 Qe6 23. Rf2 Re1 24. Rxf4 Rxg1+ 25. Qxg1 Rxf4 26. Ng2 Rf6 27.
Nd2 Qe2 28. Qc1 Rf2 29. Qc2 Rf1+ 30. Nxf1 Qxf1# 0-1

[Event "SR 5. liga SE-SI 2013/2014"]
[Site "?"]
[Date "2013.12.14"]
[Round "5.4"]
[White "Valigursky, Michal"]
[Black "Svrcek, Daniel"]
[Result "1-0"]
[WhiteElo "1299"]
[BlackElo "1000"]
[PlyCount "65"]
[EventDate "2013.??.??"]

1. e4 e5 2. Nf3 Nc6 3. Bc4 Nf6 4. Ng5 d5 5. exd5 Bc5 6. Nxf7 Kxf7 7. dxc6+ Kf8
8. O-O bxc6 9. d3 Qd6 10. Nc3 Be6 11. Bxe6 Qxe6 12. Qf3 Kf7 13. Be3 Be7 14.
Rfe1 Rhf8 15. d4 Bb4 16. Bg5 Kg8 17. Qg3 Qf7 18. Rxe5 Bd6 19. Rae1 Bxe5 20.
Rxe5 Rae8 21. h3 Rxe5 22. dxe5 Nd5 23. Bh4 Nxc3 24. bxc3 Re8 25. f4 Re6 26. Bg5
Rg6 27. Qg4 h6 28. Qc8+ Qf8 29. Qxf8+ Kxf8 30. Bd8 Rg3 31. Bxc7 Rxc3 32. a3
Rxa3 33. Bd6+ 1-0

[Event "SR 5. liga SE-SI 2013/2014"]
[Site "?"]
[Date "2013.12.14"]
[Round "5.4"]
[White "Toman, Jan"]
[Black "Vozarova, Adriana"]
[Result "0-1"]
[WhiteElo "1000"]
[BlackElo "1172"]
[PlyCount "46"]
[EventDate "2013.??.??"]

1. e4 e5 2. Nf3 Nc6 3. d4 exd4 4. Nxd4 Nf6 5. Nc3 Bb4 6. Bc4 O-O 7. O-O Bxc3 8.
bxc3 Nxe4 9. Nxc6 bxc6 10. Qd3 d5 11. Bb3 a5 12. a4 Re8 13. Re1 Ba6 14. c4 Qf6
15. f3 Qxa1 16. fxe4 dxe4 17. Rxe4 Qxc1+ 18. Kf2 Rxe4 19. Qxe4 Qd2+ 20. Kf3
Qc3+ 21. Ke2 Rd8 22. Qxc6 Rd2+ 23. Kf1 Qa1# 0-1

[Event "SR 5. liga SE-SI 2013/2014"]
[Site "?"]
[Date "2013.12.14"]
[Round "5.4"]
[White "Kratochvilova, Lenka"]
[Black "Toman, Jakub"]
[Result "1-0"]
[WhiteElo "1000"]
[BlackElo "1000"]
[PlyCount "77"]
[EventDate "2013.??.??"]

1. e4 e5 2. Nf3 Nf6 3. d3 Nc6 4. Be3 Bb4+ 5. c3 Ba5 6. Be2 O-O 7. O-O Bb6 8.
Nbd2 Bxe3 9. fxe3 b6 10. d4 Ne7 11. dxe5 Ng4 12. Nc4 b5 13. Ng5 Nxe3 14. Nxe3
h6 15. Nf3 Bb7 16. Bxb5 Bxe4 17. Qd4 Bxf3 18. Rxf3 Rb8 19. c4 a6 20. Bxa6 Nc6
21. Qc3 Re8 22. Ng4 Ra8 23. Bb5 Rb8 24. Bxc6 dxc6 25. Re3 Qh4 26. Re4 c5 27.
Nf6+ gxf6 28. Rxh4 fxe5 29. Rxh6 f6 30. Rxf6 e4 31. Qg3+ Kh7 32. Rf7+ Kh6 33.
Qh4+ Kg6 34. Qh7+ Kg5 35. Qf5+ Kh6 36. Qf6+ Kh5 37. Rh7+ Kg4 38. Rg7+ Kh5 39.
Qg5# 1-0

[Event "SR 5. liga SE-SI 2013/2014"]
[Site "?"]
[Date "2013.12.14"]
[Round "5.5"]
[White "Nemeckay, Rastislav"]
[Black "Pagac, Robert"]
[Result "1/2-1/2"]
[WhiteElo "1986"]
[BlackElo "1831"]
[PlyCount "21"]
[EventDate "2013.??.??"]

1. e4 e5 2. Nc3 Nf6 3. f4 d6 4. Bc4 exf4 5. d4 Be7 6. Bxf4 Be6 7. Bxe6 fxe6 8.
Nf3 O-O 9. O-O Nxe4 10. Nxe4 Rxf4 11. Qe2 1/2-1/2

[Event "SR 5. liga SE-SI 2013/2014"]
[Site "?"]
[Date "2013.12.14"]
[Round "5.5"]
[White "Bartos, Bohumil"]
[Black "Simek, Adam"]
[Result "1-0"]
[WhiteElo "1507"]
[BlackElo "1000"]
[PlyCount "37"]
[EventDate "2013.??.??"]

1. d4 d5 2. c4 Nc6 3. Nc3 e6 4. Nf3 dxc4 5. e3 Nf6 6. Bxc4 Bd6 7. O-O Nh5 8. a3
b6 9. Bb5 Bb7 10. Ne5 Bxe5 11. Qxh5 g5 12. dxe5 a6 13. Bxc6+ Bxc6 14. Rd1 Qe7
15. e4 Rd8 16. Rxd8+ Qxd8 17. Bxg5 Qd4 18. Rd1 Qxe5 19. Rd8# 1-0